[Event "Rubinstein Memorial op-D 57th"]
[Site "Polanica Zdroj"]
[Date "2021.08.22"]
[Round "9"]
[White "Pietraszko, Jakub"]
[Black "Karpinski, Andrzej"]
[Result "1/2-1/2"]
[WhiteElo "1816"]
[BlackElo "1581"]
[PlyCount "198"]
[EventDate "2021.08.14"]
[EventType "swiss"]
[EventRounds "9"]
[EventCountry "POL"]
[SourceTitle "CBM 204 Extra"]
[Source "ChessBase"]
[SourceDate "2021.11.30"]
[SourceVersion "1"]
[SourceVersionDate "2021.11.30"]
[SourceQuality "1"]

1. d4 e6 2. e4 c5 3. d5 Nf6 4. Nc3 exd5 5. exd5 d6 6. h3 Be7 7. Bf4 0-0 8. Nf3 Na6 9. Be2 Nc7 10. 0-0 Bd7 11. a4 b6 12. Nh2 a6 13. Ng4 Nxg4 14. Bxg4 f5 15. Bf3 Rb8 16. Re1 b5 17. axb5 axb5 18. Ra7 Re8 19. Rxe7 Qxe7 20. Rxc7 b4 21. Ne2 Rbc8 22. Ra7 Ra8 23. Qa1 Rxa7 24. Qxa7 Bb5 25. Qxe7 Rxe7 26. Ng3 g6 27. Bxd6 Re1+ 28. Kh2 Rc1 29. Bxc5 Rxc2 30. Bxb4 Rxb2 31. Bc5 Rc2 32. Be3 Kf7 33. Nh1 Ke7 34. g4 fxg4 35. hxg4 Bc4 36. Kg3 Ba2 37. Kf4 Kd6 38. Ng3 Bxd5 39. Bxd5 Kxd5 40. Kg5 Rc4 41. Ne2 Ke6 42. Nd4+ Kf7 43. Nf3 Rb4 44. Bd4 Kg8 45. Kf6 Ra4 46. Ke6 h5 47. gxh5 gxh5 48. Kf5 Kh7 49. Kg5 Ra3 50. Be3 Ra5+ 51. Kh4 Kg6 52. Ng1 Ra4+ 53. Kh3 Ra2 54. Kg3 Rxf2 55. Bxf2 Kf5 56. Kh4 Ke4 57. Kxh5 Kf4 58. Kh4 Kf5 59. Kg3 Ke4 60. Kg4 Ke5 61. Nf3+ Ke4 62. Ng5+ Ke5 63. Bg3+ Kd4 64. Kf4 Kd5 65. Bf2 Kd6 66. Ke4 Kc6 67. Ke5 Kd7 68. Ne6 Kc6 69. Be3 Kb5 70. Kd5 Ka6 71. Kc6 Ka5 72. Bc5 Ka4 73. Nd4 Ka5 74. Bd6 Ka4 75. Kc5 Ka5 76. Kc6 Ka6 77. Nb5 Ka5 78. Kc5 Ka6 79. Kc6 Ka5 80. Nc7 Ka4 81. Kc5 Kb3 82. Be5 Kc2 83. Kc4 Kd2 84. Nd5 Ke2 85. Kd4 Kf3 86. Bd6 Ke2 87. Ke4 Kf2 88. Bf4 Ke2 89. Nc3+ Kf2 90. Be5 Kg2 91. Ke3 Kf1 92. Kf3 Kg1 93. Ne4 Kf1 94. Bd4 Ke1 95. Ke3 Kf1 96. Kf3 Ke1 97. Bf2+ Kd1 98. Ke3 Kc2 99. Kd4 Kb3 1/2-1/2

[Event "Rubinstein Memorial op-D 57th"]
[Site "Polanica Zdroj"]
[Date "2021.08.19"]
[Round "6"]
[White "Darowicki, Mariusz"]
[Black "Karpinski, Andrzej"]
[Result "1-0"]
[WhiteElo "1913"]
[BlackElo "1581"]
[PlyCount "123"]
[EventDate "2021.08.14"]
[EventType "swiss"]
[EventRounds "9"]
[EventCountry "POL"]
[SourceTitle "CBM 204 Extra"]
[Source "ChessBase"]
[SourceDate "2021.11.30"]
[SourceVersion "1"]
[SourceVersionDate "2021.11.30"]
[SourceQuality "1"]

1. d4 Nf6 2. c4 c5 3. d5 g6 4. Nc3 Bg7 5. e4 d6 6. Bd3 e6 7. Nge2 exd5 8. cxd5 0-0 9. 0-0 Na6 10. Bg5 h6 11. Bh4 g5 12. Bg3 Nh5 13. Rb1 Nxg3 14. Nxg3 Nb4 15. Be2 Be5 16. a3 Na6 17. Bg4 Nc7 18. Bxc8 Rxc8 19. Nf5 Qf6 20. Ne2 Nb5 21. Neg3 Bxg3 22. fxg3 Nd4 23. Qh5 Nxf5 24. Rxf5 Qg6 25. Qf3 f6 26. Rf1 Kg7 27. h4 b5 28. Qc3 Rce8 29. h5 Qf7 30. Qa5 Qd7 31. Qc3 Re5 32. R5f2 Qe7 33. Qd3 c4 34. Qc3 Qc7 35. a4 bxa4 36. Qd4 Qe7 37. Qxc4 Rxe4 38. Qc3 Re5 39. Qc6 Re4 40. Qc2 Qe5 41. Rf5 Qe7 42. Kh2 Rf7 43. R1f3 Rf8 44. Rc3 Rf7 45. Rf2 f5 46. Rxf5 Rxf5 47. Rc7 Qxc7 48. Qxc7+ Rf7 49. Qxd6 Ree7 50. Qg6+ Kh8 51. Qxh6+ Kg8 52. Qxg5+ Rg7 53. Qf5 Ref7 54. Qc8+ Kh7 55. g4 Kh6 56. Qe6+ Kh7 57. Kh3 Re7 58. Qf5+ Kg8 59. h6 Rgf7 60. Qg6+ Kh8 61. g5 a3 62. bxa3 1-0

[Event "Rubinstein Memorial op-D 57th"]
[Site "Polanica Zdroj"]
[Date "2021.08.18"]
[Round "5"]
[White "Karpinski, Andrzej"]
[Black "Smukowski, Bartosz"]
[Result "1-0"]
[WhiteElo "1581"]
[BlackElo "1659"]
[PlyCount "93"]
[EventDate "2021.08.14"]
[EventType "swiss"]
[EventRounds "9"]
[EventCountry "POL"]
[SourceTitle "CBM 204 Extra"]
[Source "ChessBase"]
[SourceDate "2021.11.30"]
[SourceVersion "1"]
[SourceVersionDate "2021.11.30"]
[SourceQuality "1"]

1. e4 c5 2. Nf3 e6 3. d4 cxd4 4. Nxd4 Qb6 5. Nb3 Nc6 6. Be3 Qc7 7. Nc3 Bb4 8. f4 Nf6 9. Bd3 a6 10. 0-0 d6 11. Na4 b5 12. Nb6 Rb8 13. Nxc8 Rxc8 14. c3 Ba5 15. Nxa5 Nxa5 16. b3 Nc6 17. Qf3 0-0 18. g4 Ne7 19. g5 Nd7 20. Rac1 f5 21. c4 b4 22. exf5 Nxf5 23. Bxf5 Rxf5 24. Rcd1 Qc6 25. Qxc6 Rxc6 26. Rfe1 Kf7 27. Kg2 Nc5 28. Bxc5 Rfxc5 29. Re2 a5 30. Rde1 d5 31. cxd5 Rxd5 32. Kg3 Rcd6 33. Re5 Rxe5 34. Rxe5 Rd5 35. Rxd5 exd5 36. f5 Ke7 37. h4 Kd6 38. h5 Ke7 39. Kf4 h6 40. gxh6 gxh6 41. Ke5 Kf7 42. Kxd5 Kf6 43. Ke4 Kf7 44. Ke5 Ke7 45. f6+ Kf7 46. Kf5 Kf8 47. Kg6 1-0

[Event "Rubinstein Memorial op-D 57th"]
[Site "Polanica Zdroj"]
[Date "2021.08.17"]
[Round "4"]
[White "Kocierz, Pawel"]
[Black "Karpinski, Andrzej"]
[Result "1/2-1/2"]
[WhiteElo "1821"]
[BlackElo "1581"]
[PlyCount "146"]
[EventDate "2021.08.14"]
[EventType "swiss"]
[EventRounds "9"]
[EventCountry "POL"]
[SourceTitle "CBM 204 Extra"]
[Source "ChessBase"]
[SourceDate "2021.11.30"]
[SourceVersion "1"]
[SourceVersionDate "2021.11.30"]
[SourceQuality "1"]

1. Nf3 Nf6 2. g3 d5 3. Bg2 c5 4. 0-0 Nc6 5. d4 e6 6. c4 Be7 7. cxd5 exd5 8. Nc3 c4 9. Ne5 Be6 10. Bg5 0-0 11. Bxf6 Bxf6 12. f4 g6 13. e4 Bxe5 14. dxe5 Qb6+ 15. Rf2 dxe4 16. Nxe4 Nb4 17. Bf1 Rfd8 18. Nd6 f6 19. a3 fxe5 20. fxe5 Rf8 21. Qd2 Nd3 22. Bxd3 cxd3 23. Ne4 Rxf2 24. Qxf2 Qxf2+ 25. Kxf2 Rc8 26. Rd1 Rc2+ 27. Ke3 Rxb2 28. Rd2 Rxd2 29. Kxd2 h6 30. Nd6 Bd5 31. Kxd3 Kf8 32. Kd4 Bc6 33. Kc5 g5 34. Nc8 a6 35. Kb6 Kf7 36. Nd6+ Ke6 37. Nxb7 Bb5 38. Nc5+ Kxe5 39. Nxa6 Ba4 40. Nc5 Bc2 41. Kc6 h5 42. Kd7 h4 43. Ke7 hxg3 44. hxg3 Kf5 45. Ne6 Kg4 46. Nd4 Bd3 47. Kf6 Kxg3 48. Kxg5 Kf2 49. Kf4 Ba6 50. Ke4 Bb7+ 51. Kd3 Ba6+ 52. Kd2 Kg3 53. Kc3 Kf4 54. Kb4 Ke5 55. Nb5 Bb7 56. Kc5 Ke6 57. Kb6 Bg2 58. a4 Bf1 59. Nc7+ Kd7 60. Kb7 Bg2+ 61. Kb6 Kc8 62. Nb5 Bf1 63. Ka7 Be2 64. Nd6+ Kc7 65. Ne8+ Kc8 66. a5 Bf1 67. Nd6+ Kc7 68. Ne4 Bd3 69. Nc5 Bf1 70. Ne6+ Kd6 71. Nf4 Kc7 72. Nd5+ Kc6 73. Nc3 Kc7 1/2-1/2

[Event "Rubinstein Memorial op-D 57th"]
[Site "Polanica Zdroj"]
[Date "2021.08.16"]
[Round "3"]
[White "Karpinski, Andrzej"]
[Black "Ursnik, Patryk"]
[Result "1/2-1/2"]
[WhiteElo "1581"]
[BlackElo "1691"]
[PlyCount "57"]
[EventDate "2021.08.14"]
[EventType "swiss"]
[EventRounds "9"]
[EventCountry "POL"]
[SourceTitle "CBM 204 Extra"]
[Source "ChessBase"]
[SourceDate "2021.11.30"]
[SourceVersion "1"]
[SourceVersionDate "2021.11.30"]
[SourceQuality "1"]

1. Nf3 d5 2. d4 Nf6 3. c4 c6 4. g3 e6 5. Bg2 Nbd7 6. Qc2 c5 7. cxd5 Nxd5 8. a3 cxd4 9. Nxd4 Bc5 10. e3 0-0 11. b4 Bxd4 12. exd4 N7b6 13. 0-0 Bd7 14. Be3 Rc8 15. Qe2 Ba4 16. Nd2 Rc2 17. Rfc1 Qc7 18. Rxc2 Qxc2 19. Bxd5 Nxd5 20. Qe1 Rc8 21. Nf3 Nxe3 22. Qxe3 Qc3 23. Re1 Qxe3 24. Rxe3 Rc1+ 25. Re1 Rc3 26. Re3 Rc4 27. Rd3 Rc1+ 28. Kg2 Bc6 29. g4 1/2-1/2

[Event "Polanica Zdroj op-E 56th"]
[Site "Polanica Zdroj"]
[Date "2020.08.23"]
[Round "9"]
[White "Kielb, Miroslaw"]
[Black "Karpinski, Andrzej"]
[Result "0-1"]
[WhiteElo "1425"]
[BlackElo "1612"]
[PlyCount "118"]
[EventDate "2020.08.15"]
[EventType "swiss"]
[EventRounds "9"]
[EventCountry "POL"]
[SourceTitle "CBM 198 Extra"]
[Source "ChessBase"]
[SourceDate "2020.11.30"]
[SourceVersion "1"]
[SourceVersionDate "2020.11.30"]
[SourceQuality "1"]

1. d4 Nf6 2. Nf3 g6 3. Bf4 Bg7 4. e3 0-0 5. c4 d6 6. Nc3 Nbd7 7. Be2 c6 8. e4 Nh5 9. Be3 e5 10. Qd2 Qe7 11. 0-0-0 a6 12. d5 c5 13. g4 Nf4 14. Bxf4 exf4 15. Qxf4 Ne5 16. g5 f6 17. Nxe5 fxg5 18. Qg3 Bxe5 19. Qg2 Bd7 20. Rdg1 b5 21. Kc2 bxc4 22. Bxc4 a5 23. Qxg5 Qxg5 24. Rxg5 Rxf2+ 25. Ne2 Rxh2 26. Rxh2 Bxh2 27. Ng3 Bxg3 28. Rxg3 Kg7 29. Bd3 Re8 30. b3 Re5 31. a4 h5 32. Bb5 Bxb5 33. axb5 Rxe4 34. Kc3 Rb4 35. Re3 Rxb5 36. Re7+ Kh6 37. Rd7 Rb6 38. Rc7 h4 39. Rc6 Rb4 40. Rxd6 Rd4 41. Rd8 g5 42. d6 Kh5 43. d7 Kg4 44. Rc8 Rxd7 45. Rxc5 h3 46. Rxa5 h2 47. Ra1 Kh3 48. b4 g4 49. b5 g3 50. Kc4 g2 51. b6 g1Q 52. Rxg1 hxg1Q 53. Kb5 Rb7 54. Kc4 Rxb6 55. Kd5 Qg5+ 56. Kc4 Rb5 57. Kd4 Qd5+ 58. Ke3 Rb3+ 59. Kf4 Rf3# 0-1

[Event "Rubinstein Memorial-C 53rd"]
[Site "Polanica Zdroj"]
[Date "2017.08.24"]
[Round "6"]
[White "Konopacka, Martyna"]
[Black "Karpinski, Andrzej"]
[Result "1/2-1/2"]
[WhiteElo "1882"]
[BlackElo "1677"]
[PlyCount "71"]
[EventDate "2017.08.19"]
[EventType "swiss"]
[EventRounds "9"]
[EventCountry "POL"]
[SourceTitle "CBM 180 Extra"]
[Source "ChessBase"]
[SourceDate "2017.10.06"]
[SourceVersion "1"]
[SourceVersionDate "2017.10.06"]
[SourceQuality "1"]

1. e4 d6 2. Nc3 Nf6 3. d4 g6 4. f4 Bg7 5. Nf3 c5 6. dxc5 Qa5 7. e5 dxe5 8. fxe5 Ne4 9. Bd2 Nxd2 10. Qxd2 Qxc5 11. Bb5+ Nc6 12. 0-0-0 0-0 13. Qf4 h6 14. h4 Be6 15. Bxc6 bxc6 16. Qd4 Qxd4 17. Rxd4 Rfd8 18. Rhd1 Rdc8 19. b3 c5 20. Ra4 c4 21. Kb2 Bg4 22. Re1 Bxf3 23. gxf3 cxb3 24. axb3 Rc5 25. f4 Rac8 26. Re3 R8c7 27. Rd3 f6 28. Re4 fxe5 29. Nd5 Rxc2+ 30. Ka3 Rb7 31. fxe5 Kh7 32. Rf3 Rd7 33. Nf4 Rc6 34. Rf2 Rb7 35. Nd5 Re6 36. Rfe2 1/2-1/2

[Event "Lazy op 13th"]
[Site "Lazy"]
[Date "2017.07.04"]
[Round "9"]
[White "Stylinski, Piotr"]
[Black "Karpinski, Andrzej"]
[Result "1/2-1/2"]
[WhiteElo "1815"]
[BlackElo "1658"]
[PlyCount "65"]
[EventDate "2017.06.25"]
[EventType "swiss"]
[EventRounds "9"]
[EventCountry "POL"]
[SourceTitle "EXT 2018"]
[Source "ChessBase"]
[SourceDate "2017.10.13"]
[SourceVersion "1"]
[SourceVersionDate "2017.10.13"]
[SourceQuality "1"]

1. e4 d6 2. d4 Nf6 3. Nc3 g6 4. f4 Bg7 5. Nf3 c5 6. Bb5+ Bd7 7. e5 Ng4 8. e6 Bxb5 9. exf7+ Kd7 10. Nxb5 Qa5+ 11. Nc3 cxd4 12. Nxd4 Bxd4 13. Qxd4 Nc6 14. Qe4 Qf5 15. h3 Nf6 16. Qf3 h5 17. Be3 Qxc2 18. 0-0 Rac8 19. Nb5 Qe4 20. f5 Qxf3 21. Rxf3 gxf5 22. Rxf5 a6 23. Nc3 Rcf8 24. Raf1 Rh7 25. Bg5 Rhxf7 26. Nd5 Ke6 27. Bxf6 exf6 28. Rxh5 Ne7 29. Nxe7 Kxe7 30. Re1+ Kd7 31. Rf5 Rg8 32. g4 Rg5 33. Ref1 1/2-1/2

[Event "Lazy op 13th"]
[Site "Lazy"]
[Date "2017.06.30"]
[Round "6"]
[White "Karpinski, Andrzej"]
[Black "Pietras, Maksymilian"]
[Result "1/2-1/2"]
[WhiteElo "1658"]
[BlackElo "1615"]
[PlyCount "44"]
[EventDate "2017.06.25"]
[EventType "swiss"]
[EventRounds "9"]
[EventCountry "POL"]
[SourceTitle "EXT 2018"]
[Source "ChessBase"]
[SourceDate "2017.10.13"]
[SourceVersion "1"]
[SourceVersionDate "2017.10.13"]
[SourceQuality "1"]

1. e4 c5 2. Nf3 Nc6 3. d4 cxd4 4. Nxd4 Nf6 5. Nc3 e5 6. Ndb5 d6 7. Nd5 Nxd5 8. exd5 Nb8 9. c4 a6 10. Nc3 Bf5 11. Be2 Nd7 12. 0-0 Be7 13. Be3 Bg5 14. Qd2 Bxe3 15. Qxe3 0-0 16. f3 Rc8 17. Ne4 Qc7 18. Rac1 a5 19. b3 Bxe4 20. fxe4 Qc5 21. Qxc5 Nxc5 22. Bg4 Rb8 1/2-1/2

[Event "Lazy op 13th"]
[Site "Lazy"]
[Date "2017.06.28"]
[Round "4"]
[White "Pietrucha, Jaroslaw"]
[Black "Karpinski, Andrzej"]
[Result "1/2-1/2"]
[WhiteElo "1847"]
[BlackElo "1658"]
[PlyCount "142"]
[EventDate "2017.06.25"]
[EventType "swiss"]
[EventRounds "9"]
[EventCountry "POL"]
[SourceTitle "EXT 2018"]
[Source "ChessBase"]
[SourceDate "2017.10.13"]
[SourceVersion "1"]
[SourceVersionDate "2017.10.13"]
[SourceQuality "1"]

1. e4 d6 2. d4 Nf6 3. Nc3 g6 4. Be2 Bg7 5. Nf3 0-0 6. h3 c6 7. 0-0 b5 8. Bd3 Na6 9. Be3 Nc7 10. Ne2 Nd7 11. c3 e5 12. Qd2 Qe7 13. Bh6 Nb6 14. Bxg7 Kxg7 15. b3 f5 16. dxe5 dxe5 17. Nh2 f4 18. f3 Ne6 19. Rad1 Ng5 20. Bc2 Nf7 21. Kh1 h5 22. Qe1 Be6 23. Qf2 Rad8 24. Bb1 c5 25. Bc2 a5 26. Qg1 Qc7 27. Rxd8 Rxd8 28. Rd1 Rxd1 29. Qxd1 Nd8 30. Nf1 Nc6 31. a3 Qe7 32. Qa1 g5 33. Nh2 g4 34. fxg4 hxg4 35. hxg4 Qh4 36. Kg1 Bxg4 37. Nxg4 Qxg4 38. Qf1 b4 39. axb4 axb4 40. Bd1 Qe6 41. cxb4 cxb4 42. Qf2 Nd7 43. Qh4 Nf6 44. Qg5+ Kf7 45. Nc1 Nd4 46. Nd3 Nd7 47. Bg4 Qxb3 48. Qh5+ Kf8 49. Qh8+ Kf7 50. Bh5+ Ke7 51. Qg7+ Kd6 52. Qg6+ Kc7 53. Qa6 Qb1+ 54. Kh2 b3 55. Bg4 Qa2 56. Qc4+ Nc6 57. Bxd7 Kxd7 58. Nc5+ Kc7 59. Nxb3 Qf2 60. Qc3 Qh4+ 61. Kg1 Qg3 62. Qxg3 fxg3 63. Kf1 Nd4 64. Nd2 Kd6 65. Nf3 Ke6 66. Ng1 Kf6 67. Ne2 Nxe2 68. Kxe2 Kg5 69. Kf3 Kh4 70. Ke2 Kg4 71. Ke3 Kg5 1/2-1/2

[Event "Lazy op 13th"]
[Site "Lazy"]
[Date "2017.06.26"]
[Round "2"]
[White "Kapral, Krzysztof"]
[Black "Karpinski, Andrzej"]
[Result "1-0"]
[WhiteElo "1939"]
[BlackElo "1658"]
[PlyCount "109"]
[EventDate "2017.06.25"]
[EventType "swiss"]
[EventRounds "9"]
[EventCountry "POL"]
[SourceTitle "EXT 2018"]
[Source "ChessBase"]
[SourceDate "2017.10.13"]
[SourceVersion "1"]
[SourceVersionDate "2017.10.13"]
[SourceQuality "1"]

1. d4 Nf6 2. Nf3 e6 3. Bf4 d5 4. e3 c5 5. c3 Nc6 6. Nbd2 cxd4 7. exd4 Bd6 8. Ne5 Nxe5 9. Bxe5 Bxe5 10. dxe5 Nd7 11. Nf3 0-0 12. Bb5 Qb6 13. Bxd7 Bxd7 14. Qb3 Qa6 15. h4 Qa4 16. Qxa4 Bxa4 17. Nd4 Bd7 18. Rh3 f6 19. Re3 f5 20. Kd2 b5 21. Nb3 Kf7 22. Na5 Rab8 23. a3 Ke7 24. Rh1 g6 25. f4 Rg8 26. Rg3 h5 27. Rc1 Kf7 28. Rd3 Ke7 29. Rd4 Rgc8 30. b3 Be8 31. c4 bxc4 32. bxc4 Rb2+ 33. Rc2 Rxc2+ 34. Kxc2 Bb5 35. Kb3 dxc4+ 36. Nxc4 Bxc4+ 37. Rxc4 Rb8+ 38. Rb4 Rb6 39. Kc3 Kd7 40. Ra4 a6 41. Rd4+ Kc7 42. Rd3 Kc8 43. Rg3 a5 44. Rxg6 a4 45. Kc4 Kc7 46. Rg3 Rb1 47. Kc5 Rb3 48. Rg7+ Kb8 49. Re7 Rxa3 50. Rxe6 Rg3 51. Ra6 Rxg2 52. Rxa4 Rg4 53. e6 Kc7 54. e7 Kd7 55. Ra7+ 1-0

[Event "POL-chT4 Kujawsko-Pomorskie 1617"]
[Site "Poland"]
[Date "2017.01.08"]
[Round "5.29"]
[White "Karpinski, Andrzej"]
[Black "Wieczorek, Mateusz1111"]
[Result "1-0"]
[WhiteElo "1618"]
[BlackElo "1357"]
[PlyCount "83"]
[EventDate "2016.11.06"]
[EventType "team-tourn"]
[EventRounds "11"]
[EventCountry "POL"]
[SourceTitle "EXT 2019"]
[Source "ChessBase"]
[SourceDate "2018.10.10"]
[SourceVersion "1"]
[SourceVersionDate "2018.10.10"]
[SourceQuality "1"]

1. Nf3 Nf6 2. c4 g6 3. Nc3 Bg7 4. e4 d6 5. d4 Nbd7 6. g3 0-0 7. Bg2 e5 8. 0-0 c6 9. h3 Qc7 10. Be3 Rd8 11. Qc2 Nf8 12. Rfd1 Ne8 13. Kh2 f5 14. Bg5 Nf6 15. dxe5 dxe5 16. Rxd8 Qxd8 17. Qd2 Qxd2 18. Bxd2 Nxe4 19. Nxe4 fxe4 20. Ng5 Ne6 21. Nxe4 Nd4 22. Rc1 Be6 23. b3 Rd8 24. Bg5 Rf8 25. Be3 Nf5 26. Bc5 Ra8 27. g4 Nh4 28. Rd1 Nxg2 29. Kxg2 b6 30. Be3 Bf8 31. Ng5 Bc8 32. Rd8 c5 33. Kg1 h6 34. Ne6 Bb7 35. Rxa8 Bxa8 36. Nxf8 Kxf8 37. Bxh6+ Kf7 38. Kf1 Be4 39. Ke2 Bb1 40. Kd2 a6 41. Be3 Kf6 42. a3 1-0

[Event "POL-chT4 Kujawsko-Pomorskie 1617"]
[Site "Poland"]
[Date "2016.11.27"]
[Round "3.19"]
[White "Karpinski, Andrzej"]
[Black "Graczyk, Piotr"]
[Result "1-0"]
[WhiteElo "1618"]
[BlackElo "1363"]
[PlyCount "121"]
[EventDate "2016.11.06"]
[EventType "team-tourn"]
[EventRounds "11"]
[EventCountry "POL"]
[SourceTitle "EXT 2019"]
[Source "ChessBase"]
[SourceDate "2018.10.10"]
[SourceVersion "1"]
[SourceVersionDate "2018.10.10"]
[SourceQuality "1"]

1. e4 e5 2. Nf3 Nf6 3. Nc3 Nc6 4. d4 exd4 5. Nxd4 d6 6. Be2 Be7 7. 0-0 0-0 8. f4 Nxd4 9. Qxd4 b6 10. Kh1 Bb7 11. Bf3 c5 12. Qf2 Qc8 13. h3 Ne8 14. f5 a6 15. a4 Rb8 16. Bf4 Bc6 17. Rad1 Rb7 18. b3 Rd7 19. Nd5 Bxd5 20. Rxd5 Bf6 21. Rdd1 b5 22. axb5 axb5 23. Qd2 Qd8 24. e5 Be7 25. Bc6 Rc7 26. Bxb5 Qb8 27. Bxe8 Qxe8 28. exd6 Rd7 29. Qe3 Bf6 30. Qxc5 Qb8 31. Qd5 Rc8 32. Rd2 Qb4 33. Bg3 Rc5 34. Qd3 Rc3 35. Qe2 h6 36. Be5 Bxe5 37. Qxe5 Rc8 38. Rfd1 Qb7 39. f6 g6 40. Qe3 Kh7 41. c4 Rc6 42. Rd5 Qb6 43. Qe8 Qd8 44. Qxd8 Rxd8 45. b4 g5 46. c5 Kg6 47. Rf1 Rd7 48. Re5 Rb7 49. Re7 Rxb4 50. Rc7 Ra6 51. Rd1 Rb8 52. d7 Raa8 53. Rd6 Kf5 54. Rb6 Rd8 55. Rcb7 Kf4 56. c6 Kg3 57. Rb3+ Kf4 58. Kh2 Ke4 59. Rb8 Raxb8 60. Rxb8 Rxb8 61. c7 1-0

[Event "Polanica Zdroj op-D 48th"]
[Site "Polanica Zdroj"]
[Date "2012.08.26"]
[Round "9"]
[White "Karpinski, Andrzej"]
[Black "Kopera, Marek"]
[Result "1/2-1/2"]
[WhiteElo "1865"]
[BlackElo "1573"]
[PlyCount "108"]
[EventDate "2012.08.18"]
[EventType "swiss"]
[EventRounds "9"]
[EventCountry "POL"]
[SourceTitle "EXT 2014"]
[Source "ChessBase"]
[SourceDate "2013.11.20"]
[SourceVersion "1"]
[SourceVersionDate "2013.11.20"]
[SourceQuality "1"]

1. e4 c5 2. Nf3 d6 3. d4 cxd4 4. Nxd4 Nc6 5. Nc3 g6 6. Be3 Bg7 7. Qd2 Nf6 8. f3 Bd7 9. Bc4 a6 10. Bb3 b5 11. 0-0-0 Na5 12. Bh6 0-0 13. Bxg7 Nxb3+ 14. Nxb3 Kxg7 15. g4 Be6 16. Nd5 Bxd5 17. exd5 a5 18. g5 Nh5 19. Nd4 b4 20. Rhe1 Re8 21. Re4 Qd7 22. Rde1 Kf8 23. Ne2 Qh3 24. Ng1 Qf5 25. h4 Rac8 26. Ne2 Rc5 27. c4 bxc3 28. Nxc3 Qxf3 29. Qd4 f6 30. Kb1 Qf5 31. Ka1 Kf7 32. gxf6 Qxf6 33. Qd3 Kg8 34. Rf1 Qg7 35. Qh3 Nf6 36. Ref4 Rcc8 37. a3 Rb8 38. Re1 Kh8 39. Qe6 h6 40. Rc4 Qg8 41. Qe3 Qf8 42. Rc7 Ng8 43. Qe4 Qf6 44. Ka2 Qf2 45. Re2 Qf6 46. Rg2 Qf5 47. Rxg6 Qf2 48. Na4 Qf7 49. Rg2 Nf6 50. Qe6 Qh5 51. Rxe7 Qxh4 52. Rxe8+ Rxe8 53. Qf7 Rg8 54. Rxg8+ Nxg8 1/2-1/2

[Event "Polanica Zdroj op-D 48th"]
[Site "Polanica Zdroj"]
[Date "2012.08.18"]
[Round "1"]
[White "Karpinski, Andrzej"]
[Black "Cieslak, Wiktoria"]
[Result "1/2-1/2"]
[WhiteElo "1865"]
[BlackElo "1460"]
[PlyCount "97"]
[EventDate "2012.08.18"]
[EventType "swiss"]
[EventRounds "9"]
[EventCountry "POL"]
[SourceTitle "EXT 2014"]
[Source "ChessBase"]
[SourceDate "2013.11.20"]
[SourceVersion "1"]
[SourceVersionDate "2013.11.20"]
[SourceQuality "1"]

1. e4 c5 2. Nf3 d6 3. d4 cxd4 4. Nxd4 Nf6 5. Nc3 a6 6. Bc4 g6 7. f4 e6 8. Bb3 Bg7 9. 0-0 Nc6 10. Be3 0-0 11. h3 Qc7 12. Nf3 b5 13. a3 Bb7 14. f5 Na5 15. fxg6 hxg6 16. Ng5 Nxb3 17. cxb3 d5 18. exd5 Nxd5 19. Nxd5 Bxd5 20. Rc1 Qg3 21. Qd2 Bxg2 22. Bf4 Qxb3 23. Qxg2 Qxb2 24. Qxb2 Bxb2 25. Rc7 Rac8 26. Rxc8 Rxc8 27. Nxf7 Bxa3 28. Nh6+ Kg7 29. Bg5 Rf8 30. Ra1 b4 31. Ng4 Rf5 32. h4 Rb5 33. Bc1 Bxc1 34. Rxc1 b3 35. Ne3 a5 36. Rb1 a4 37. Nc4 Rb4 38. Na3 b2 39. Nc2 Rb3 40. Nd4 Rg3+ 41. Kh2 a3 42. Kxg3 a2 43. Rxb2 a1Q 44. Nxe6+ Kf6 45. Re2 Qa3+ 46. Kg2 Qb4 47. Kg3 Qb3+ 48. Kg2 Qc4 49. Nf4 1/2-1/2

[Event "Polanica Zdroj op-D 47th"]
[Site "Polanica Zdroj"]
[Date "2011.08.28"]
[Round "9"]
[White "Karpinski, Andrzej"]
[Black "Oleksza, Radoslaw"]
[Result "1/2-1/2"]
[WhiteElo "1873"]
[BlackElo "1640"]
[PlyCount "116"]
[EventDate "2011.08.20"]
[EventType "swiss"]
[EventRounds "9"]
[EventCountry "POL"]
[SourceTitle "EXT 2014"]
[Source "ChessBase"]
[SourceDate "2013.11.20"]
[SourceVersion "1"]
[SourceVersionDate "2013.11.20"]
[SourceQuality "1"]

1. e4 Nf6 2. e5 Nd5 3. d4 d6 4. c4 Nb6 5. f4 dxe5 6. fxe5 Nc6 7. Be3 g6 8. Nf3 Bg7 9. Be2 0-0 10. Nc3 f6 11. exf6 exf6 12. 0-0 Re8 13. Bf2 Kh8 14. Qd2 Bg4 15. b3 Qd7 16. Rad1 Rad8 17. a4 f5 18. d5 Bxf3 19. Bxf3 Ne5 20. Bh4 Nxf3+ 21. Rxf3 Ra8 22. Bg5 Qd6 23. Nb5 Qc5+ 24. Qf2 Qxf2+ 25. Kxf2 Be5 26. Bf4 Bxf4 27. Rxf4 Re7 28. a5 Nc8 29. c5 Rd7 30. Rfd4 a6 31. Nc3 Ne7 32. R1d3 Rad8 33. Ke3 Kg7 34. g4 fxg4 35. Rxg4 Nxd5+ 36. Nxd5 Rxd5 37. Rc3 Re8+ 38. Re4 Rxe4+ 39. Kxe4 c6 40. b4 Rh5 41. Rb3 Rxh2 42. Ke5 Rd2 43. Ke6 h5 44. Rf3 h4 45. Rf7+ Kh6 46. Rxb7 h3 47. Rb8 h2 48. Rh8+ Kg5 49. b5 axb5 50. a6 Ra2 51. a7 Rxa7 52. Rxh2 Kf4 53. Kd6 Ra6 54. Kc7 g5 55. Kb7 Ra1 56. Kxc6 b4 57. Rb2 Rc1 58. Rxb4+ Kf3 1/2-1/2

[Event "Polanica Zdroj op-D 47th"]
[Site "Polanica Zdroj"]
[Date "2011.08.25"]
[Round "6"]
[White "Karpinski, Andrzej"]
[Black "Golaszewski, Marek"]
[Result "1-0"]
[WhiteElo "1873"]
[BlackElo "1674"]
[PlyCount "77"]
[EventDate "2011.08.20"]
[EventType "swiss"]
[EventRounds "9"]
[EventCountry "POL"]
[SourceTitle "EXT 2014"]
[Source "ChessBase"]
[SourceDate "2013.11.20"]
[SourceVersion "1"]
[SourceVersionDate "2013.11.20"]
[SourceQuality "1"]

1. e4 e5 2. Nf3 Nc6 3. Bb5 d6 4. d4 Bd7 5. Nc3 exd4 6. Nxd4 Nxd4 7. Bxd7+ Qxd7 8. Qxd4 Nf6 9. Bg5 Be7 10. f3 h6 11. Be3 0-0 12. 0-0 a6 13. Rad1 Qe6 14. h3 c6 15. Bf4 Rfd8 16. Qb6 Rd7 17. Rd2 Rad8 18. Rfd1 Nh5 19. Bh2 Bg5 20. Re2 Nf4 21. Bxf4 Bxf4 22. Qf2 Be5 23. Qe3 Bxc3 24. Qxc3 Qxa2 25. b3 Qa3 26. Red2 d5 27. e5 Qe7 28. f4 c5 29. Qg3 Qe6 30. Rf1 Qf5 31. Qf3 Qe4 32. Qf2 g5 33. Re2 Qxf4 34. Qxc5 Qh4 35. Ref2 Qh5 36. Qb6 Re8 37. Rf6 Rxe5 38. Rxh6 Qe2 39. Qf6 1-0

[Event "Polanica Zdroj op-C 45th"]
[Site "Polanica Zdroj"]
[Date "2009.08.25"]
[Round "8"]
[White "Karpinski, Andrzej"]
[Black "Klimek, Piotr"]
[Result "1-0"]
[WhiteElo "1862"]
[BlackElo "1688"]
[PlyCount "63"]
[EventDate "2009.08.18"]
[EventType "swiss"]
[EventRounds "9"]
[EventCountry "POL"]
[SourceTitle "CBM 132 Extra"]
[Source "ChessBase"]
[SourceDate "2009.11.03"]
[SourceVersion "1"]
[SourceVersionDate "2009.11.03"]
[SourceQuality "1"]

1. Nf3 e6 2. c4 f5 3. d4 Nf6 4. Nc3 Be7 5. g3 0-0 6. Bg2 d5 7. 0-0 c6 8. Qb3 Nbd7 9. Rd1 Bd6 10. Ng5 Re8 11. f4 Ne4 12. Nf3 Ndf6 13. Ne5 c5 14. Be3 dxc4 15. Qxc4 Nd5 16. Nxd5 Bxe5 17. dxe5 exd5 18. Qxd5+ Qxd5 19. Rxd5 b6 20. a3 Be6 21. Bxe4 fxe4 22. Rd6 Bg4 23. Kf2 Rad8 24. Rad1 Rxd6 25. Rxd6 Kf7 26. Bd2 Re6 27. Rd5 Re7 28. Ke3 Ke8 29. Kxe4 Bxe2 30. f5 Rd7 31. Rxd7 Kxd7 32. e6+ 1-0